00893nam a2200229Ia 4500003000900000008004100009020003100050022002200081022002300103040001600126100003100142245005900173260003100232300001400263490002800277700002600305700002800331856010800359942000700467999001700474952017200491IN-BaIIA211028s9999 xx s 000 0 eng d a978-2-7598-0490-0 (Online) a1633-4760 (Print) a1638-1963 (Online) cIIA Library aMontmerle, T., ed. 916036 0aPhysics and Astrophysics of Planetary Systemsh[eBook] aFrancebEDP Sciencesc2010 avi, 520p. aEAS Publications Series aEhrenreich, D.938198 aLagrange, A.-M. 938199 uhttps://www.eas-journal.org/articles/eas/abs/2010/02/contents/contents.htmlyClick Here to Access eBook cEB c20635d20635 00104070aBANbBANd2013-01-01eEDP ScienceshV. 41l0pEB95r2021-11-05uhttps://www.eas-journal.org/articles/eas/abs/2010/02/contents/contents.htmlw2021-11-05yEB